[Event "Terre degli Elimi op 7th"]
[Site "Erice"]
[Date "2016.07.30"]
[Round "3"]
[White "Gangemi, Salvatore"]
[Black "Mueller, Maximilian"]
[Result "0-1"]
[WhiteElo "2016"]
[BlackElo "2281"]
[PlyCount "82"]
[EventDate "2016.07.28"]
[EventType "swiss"]
[EventRounds "9"]
[EventCountry "ITA"]
[SourceTitle "EXT 2017"]
[Source "ChessBase"]
[SourceDate "2016.10.25"]
[SourceVersion "1"]
[SourceVersionDate "2016.10.25"]
[SourceQuality "1"]

1. Nf3 Nf6 2. c4 c5 3. g3 Nc6 4. Bg2 g6 5. 0-0 Bg7 6. d4 cxd4 7. Nxd4 0-0 8. Nc3 Ng4 9. e3 d6 10. Nxc6 bxc6 11. Bxc6 Rb8 12. Qa4 Ne5 13. Bg2 Bd7 14. Qa6 Qc8 15. Qxa7 e6 16. c5 d5 17. Ne2 Nc4 18. c6 Qxc6 19. Nd4 Qd6 20. b4 Rfc8 21. a4 Ra8 22. Qb7 Rcb8 23. Qxb8+ Qxb8 24. b5 Nb6 25. a5 Nc4 26. a6 Bxd4 27. exd4 Qxb5 28. Bh6 Rxa6 29. Rab1 Qc6 30. Rb8+ Bc8 31. Rfb1 Ra8 32. R8b5 Na3 33. Rb6 Qc3 34. Re1 Qxd4 35. Rc6 Bd7 36. Rc7 Be8 37. h4 Rb8 38. Bf1 Nc4 39. Re7 Ne5 40. Rb1 Ra8 41. Ba6 Ng4 0-1

[Event "Nicolosi Etna op 1st"]
[Site "Nicolosi"]
[Date "2014.12.08"]
[Round "6"]
[White "Cannella, Carlo Umberto"]
[Black "Gangemi, Salvatore"]
[Result "1/2-1/2"]
[WhiteElo "1931"]
[BlackElo "2075"]
[PlyCount "85"]
[EventDate "2014.12.05"]
[EventType "swiss"]
[EventRounds "7"]
[EventCountry "ITA"]
[SourceTitle "CBM 163 Extra"]
[Source "ChessBase"]
[SourceDate "2014.12.23"]
[SourceVersion "1"]
[SourceVersionDate "2014.12.23"]
[SourceQuality "1"]

1. e4 e6 2. d4 d5 3. Nd2 c5 4. Ngf3 cxd4 5. exd5 Qxd5 6. Bc4 Qc5 7. Qe2 Nc6 8. 0-0 Nf6 9. Nb3 Qb6 10. Rd1 Bc5 11. a4 a5 12. Nxc5 Qxc5 13. b3 Nd5 14. Ba3 Ndb4 15. Bb2 Qf5 16. Rac1 Na2 17. Ra1 Nc3 18. Bxc3 dxc3 19. Rd3 0-0 20. Rad1 Qf6 21. Qe3 e5 22. Rd6 Qf4 23. Qxc3 Bg4 24. Be2 Rac8 25. Qd2 Qxd2 26. R1xd2 Rfd8 27. Rxd8+ Rxd8 28. Rxd8+ Nxd8 29. h3 Bxf3 30. Bxf3 Kf8 31. Kf1 Ke7 32. g4 g5 33. Ke2 Kd6 34. Kd3 b6 35. Be4 h6 36. Bf5 Nb7 37. Kc4 Nc5 38. Kb5 Kc7 39. Bh7 Nb7 40. Kc4 Kd6 41. Kb5 Kc7 42. Kc4 Kd6 43. Kb5 1/2-1/2

[Event "Nicolosi Etna op 1st"]
[Site "Nicolosi"]
[Date "2014.12.07"]
[Round "5"]
[White "Gangemi, Salvatore"]
[Black "Guccione, Cristoforo"]
[Result "1-0"]
[WhiteElo "2075"]
[BlackElo "1983"]
[PlyCount "113"]
[EventDate "2014.12.05"]
[EventType "swiss"]
[EventRounds "7"]
[EventCountry "ITA"]
[SourceTitle "CBM 163 Extra"]
[Source "ChessBase"]
[SourceDate "2014.12.23"]
[SourceVersion "1"]
[SourceVersionDate "2014.12.23"]
[SourceQuality "1"]

1. c4 f5 2. Nc3 Nf6 3. d3 g6 4. g3 Bg7 5. Bg2 d6 6. e3 0-0 7. Nge2 c6 8. 0-0 Na6 9. Rb1 Nc7 10. b4 e5 11. a4 d5 12. b5 e4 13. Ba3 Re8 14. Nd4 Ng4 15. dxe4 fxe4 16. Nce2 Ne5 17. cxd5 cxd5 18. Qb3 Bg4 19. f3 exf3 20. Nxf3 Nc4 21. Bc1 Bf5 22. e4 Rxe4 23. Bg5 Bf6 24. Bxf6 Qxf6 25. Nf4 Qb6+ 26. Kh1 Re3 27. Qb4 a5 28. bxa6 Bxb1 29. Qxb6 Nxb6 30. axb7 Rb8 31. Rxb1 Nxa4 32. Nd4 Nc3 33. Nxd5 Rd3 34. Nxc3 Rxd4 35. Ne4 Ne6 36. Nc3 Nc5 37. Nd5 Kg7 38. Nf4 g5 39. Ne2 Rd7 40. Rb5 Rd1+ 41. Ng1 Rc1 42. h3 Kf6 43. Kh2 Rc2 44. Kh1 Rc1 45. Kh2 Rc2 46. Kh1 Nd3 47. Nf3 Rc1+ 48. Kh2 Rc5 49. Rb6+ Kg7 50. Nd4 Re5 51. Nc6 Ree8 52. Nxb8 Rxb8 53. Rb5 h6 54. Be4 Nf2 55. Bf5 Nd1 56. Bc8 Nc3 57. Ra5 1-0

[Event "Filippo Vetro Memorial"]
[Site "Agrigento"]
[Date "2014.08.06"]
[Round "1"]
[White "Gangemi, Salvatore"]
[Black "Atalik, Suat"]
[Result "0-1"]
[WhiteElo "2075"]
[BlackElo "2547"]
[PlyCount "90"]
[EventDate "2014.08.06"]
[EventType "swiss"]
[EventRounds "7"]
[EventCountry "ITA"]
[SourceTitle "CBM 163"]
[Source "ChessBase"]
[SourceDate "2014.11.11"]
[SourceVersion "1"]
[SourceVersionDate "2014.11.11"]
[SourceQuality "1"]

1. Nf3 c5 2. c4 Nc6 3. d4 cxd4 4. Nxd4 Nf6 5. Nc3 e6 6. e3 Bb4 7. Ndb5 a6 8. Nd6+ Ke7 9. Nxc8+ Rxc8 10. Bd2 Bxc3 11. Bxc3 Ne4 12. Qd3 Nxc3 13. Qxc3 Qa5 14. Qxa5 Nxa5 15. b3 Rhd8 16. Rd1 Nc6 17. Bd3 Nb4 18. Bb1 b5 19. a3 Nc6 20. cxb5 axb5 21. Bd3 b4 22. axb4 Nxb4 23. Kd2 Rc6 24. Rc1 Rd6 25. Rc3 Ra8 26. Rd1 Ra2+ 27. Ke1 Rb2 28. Rd2 Ra2 29. Bc2 Ra1+ 30. Bd1 Nd5 31. Rc8 f5 32. Ke2 g5 33. g3 g4 34. b4 Nxb4 35. Rxd6 Kxd6 36. Rh8 Ra2+ 37. Kf1 Nd3 38. Rxh7 Rxf2+ 39. Kg1 Rd2 40. Ba4 Ne5 41. h4 Kc5 42. h5 Kb4 43. Bxd7 Rxd7 44. Rh6 Re7 45. Rf6 Kc5 0-1

[Event "Locri op 2nd"]
[Site "Locri"]
[Date "2014.04.18"]
[Round "5"]
[White "Carbone, Stefano"]
[Black "Gangemi, Salvatore"]
[Result "1/2-1/2"]
[WhiteElo "2085"]
[BlackElo "2101"]
[PlyCount "81"]
[EventDate "2014.04.16"]
[EventType "swiss"]
[EventRounds "7"]
[EventCountry "ITA"]
[SourceTitle "EXT 2017"]
[Source "ChessBase"]
[SourceDate "2016.10.25"]
[SourceVersion "1"]
[SourceVersionDate "2016.10.25"]
[SourceQuality "1"]

1. Nf3 Nf6 2. g3 g6 3. d4 d5 4. Bg2 Bg7 5. 0-0 0-0 6. c4 dxc4 7. Qa4 h6 8. Qxc4 Be6 9. Qa4 Qc8 10. Nc3 c6 11. Bf4 Bh3 12. Rac1 Bxg2 13. Kxg2 Nbd7 14. Rfd1 Nb6 15. Qb3 Qf5 16. Be5 g5 17. a4 Qe6 18. Qc2 Nbd5 19. Nxd5 Qxd5 20. Qc4 e6 21. Qxd5 exd5 22. b4 a6 23. Ne1 Ne4 24. f3 Nf6 25. Nd3 Rfe8 26. Kf2 Nd7 27. Bxg7 Kxg7 28. Nc5 Nxc5 29. bxc5 Re7 30. Rd2 f5 31. Rc3 Rae8 32. Rb3 Rf8 33. Rdb2 Rff7 34. h4 Kg6 35. hxg5 hxg5 36. Re3 Rxe3 37. Kxe3 f4+ 38. gxf4 gxf4+ 39. Kf2 Kf5 40. Rb3 Rh7 41. Rb2 1/2-1/2

[Event "Messina op 2nd"]
[Site "Messina"]
[Date "2012.08.31"]
[Round "6"]
[White "Gromovs, Sergejs"]
[Black "Gangemi, Salvatore"]
[Result "1/2-1/2"]
[WhiteElo "2206"]
[BlackElo "2048"]
[PlyCount "48"]
[EventDate "2012.08.27"]
[EventType "swiss"]
[EventRounds "8"]
[EventCountry "ITA"]
[SourceTitle "EXT 2014"]
[Source "ChessBase"]
[SourceDate "2013.11.20"]
[SourceVersion "1"]
[SourceVersionDate "2013.11.20"]
[SourceQuality "1"]

1. d4 d5 2. c4 e6 3. Nc3 Nf6 4. Nf3 c5 5. cxd5 exd5 6. g3 h6 7. Bg2 Bd6 8. 0-0 0-0 9. h3 a6 10. Be3 Re8 11. dxc5 Bxg3 12. Bxh6 Bxf2+ 13. Rxf2 gxh6 14. Qd2 Ne4 15. Qxh6 Re6 16. Qh5 Nxf2 17. Kxf2 Qf8 18. Qxd5 Nc6 19. Ne4 Qe7 20. Ng3 Rg6 21. Re1 Be6 22. Qh5 Kg7 23. e4 Qf6 24. e5 Qf4 1/2-1/2

[Event "Terre degli Elimi op 3rd"]
[Site "Erice"]
[Date "2012.07.29"]
[Round "6"]
[White "Gangemi, Salvatore"]
[Black "Cannella, Simone"]
[Result "1-0"]
[WhiteElo "2048"]
[BlackElo "1793"]
[PlyCount "63"]
[EventDate "2012.07.25"]
[EventType "swiss"]
[EventRounds "7"]
[EventCountry "ITA"]
[SourceTitle "EXT 2013"]
[Source "ChessBase"]
[SourceDate "2012.11.22"]
[SourceVersion "1"]
[SourceVersionDate "2012.11.22"]
[SourceQuality "1"]

1. c4 f5 2. g3 e6 3. Bg2 Nf6 4. Nf3 c6 5. 0-0 d5 6. d4 Bd6 7. Qc2 0-0 8. Nc3 Nbd7 9. Ng5 Qe7 10. cxd5 Nxd5 11. e4 Nxc3 12. bxc3 h6 13. Nh3 e5 14. exf5 exd4 15. Nf4 d3 16. Qb3+ Qf7 17. Ne6 Nc5 18. Nxc5 Bxc5 19. g4 Qxb3 20. axb3 Rd8 21. Ra2 h5 22. h3 hxg4 23. hxg4 g6 24. Be4 gxf5 25. gxf5 Kf7 26. Rd1 Kf6 27. Ra5 Bb6 28. Ra4 Bxf5 29. Bxf5 Kxf5 30. Rf4+ Kg6 31. Rg4+ Kh7 32. Kg2 1-0

[Event "Terre degli Elimi op 3rd"]
[Site "Erice"]
[Date "2012.07.28"]
[Round "5"]
[White "Gangemi, Salvatore"]
[Black "Piazza, Dario"]
[Result "0-1"]
[WhiteElo "2048"]
[BlackElo "1832"]
[PlyCount "104"]
[EventDate "2012.07.25"]
[EventType "swiss"]
[EventRounds "7"]
[EventCountry "ITA"]
[SourceTitle "EXT 2013"]
[Source "ChessBase"]
[SourceDate "2012.11.22"]
[SourceVersion "1"]
[SourceVersionDate "2012.11.22"]
[SourceQuality "1"]

1. c4 e5 2. g3 Nc6 3. Bg2 f5 4. Nc3 Nf6 5. a3 a5 6. d3 Bc5 7. e3 0-0 8. Nge2 d6 9. 0-0 Qe8 10. Nd5 Nxd5 11. cxd5 Ne7 12. d4 exd4 13. exd4 Bb6 14. Nf4 Qf7 15. Re1 Re8 16. b3 Bd7 17. Ra2 Ng6 18. Rae2 Nxf4 19. Bxf4 Qf6 20. Be3 g5 21. Qc1 h6 22. a4 Kf7 23. Bf3 Kg6 24. Qd1 f4 25. Bc1 Rxe2 26. Bxe2 fxg3 27. hxg3 Bxd4 28. Bh5+ Kg7 29. Qe2 Be5 30. f4 gxf4 31. Bxf4 Bxf4 32. Qe7+ Qxe7 33. Rxe7+ Kf6 34. Rf7+ Kg5 35. gxf4+ Kxh5 36. Rxd7 Rc8 37. Kf2 Kg4 38. Ke3 Re8+ 39. Kd3 Kxf4 40. Rxc7 Re5 41. Kc4 Re4+ 42. Kc3 Rb4 43. Rh7 Kg5 44. Rg7+ Kf6 45. Rh7 Kg6 46. Rh8 h5 47. Ra8 h4 48. Rxa5 h3 49. Ra8 Rh4 50. Rg8+ Kf5 51. Rg1 h2 52. Rh1 Ke5 0-1

[Event "Terre degli Elimi op 3rd"]
[Site "Erice"]
[Date "2012.07.25"]
[Round "1"]
[White "Calamia, Giampaolo"]
[Black "Gangemi, Salvatore"]
[Result "1-0"]
[WhiteElo "1773"]
[BlackElo "2048"]
[PlyCount "98"]
[EventDate "2012.07.25"]
[EventType "swiss"]
[EventRounds "7"]
[EventCountry "ITA"]
[SourceTitle "EXT 2013"]
[Source "ChessBase"]
[SourceDate "2012.11.22"]
[SourceVersion "1"]
[SourceVersionDate "2012.11.22"]
[SourceQuality "1"]

1. e4 d5 2. exd5 Nf6 3. d4 Nxd5 4. c4 Nb6 5. Nc3 Nc6 6. Be3 Bf5 7. Rc1 e6 8. h3 Be7 9. Nf3 0-0 10. Be2 Bf6 11. 0-0 Re8 12. Qd2 Bg6 13. Rfd1 Re7 14. c5 Nd5 15. Nxd5 exd5 16. Bd3 Be4 17. Bxe4 dxe4 18. Ne1 Rd7 19. Nc2 Qe8 20. d5 Rad8 21. Nb4 Ne5 22. Qc2 a5 23. c6 bxc6 24. Nxc6 Nxc6 25. Qxc6 Bxb2 26. Rc5 Ba3 27. Rxa5 Bd6 28. Bc5 Qe5 29. Bxd6 Qxd6 30. Qc4 Qe5 31. Rc5 e3 32. fxe3 Qxe3+ 33. Kh1 Qg3 34. Qd3 Qe5 35. a4 g6 36. a5 Ra8 37. Qb5 Qe8 38. Rdc1 Rdd8 39. Qxe8+ Rxe8 40. Ra1 Red8 41. Rxc7 Rxd5 42. a6 Kg7 43. Rb7 h5 44. a7 Rdd8 45. Rab1 Rd6 46. Rf1 Rf6 47. Ra1 Rd6 48. Rb8 Rd8 49. Rxd8 Rxd8 1-0

[Event "Palmi op 5th"]
[Site "Palmi"]
[Date "2012.01.05"]
[Round "7"]
[White "Gangemi, Salvatore"]
[Black "Giuliano, Vincenzo"]
[Result "0-1"]
[WhiteElo "2085"]
[BlackElo "1891"]
[PlyCount "92"]
[EventDate "2012.01.02"]
[EventType "swiss"]
[EventRounds "9"]
[EventCountry "ITA"]
[SourceTitle "CBM 146 Extra"]
[Source "ChessBase"]
[SourceDate "2012.02.29"]
[SourceVersion "1"]
[SourceVersionDate "2012.02.29"]
[SourceQuality "1"]

1. c4 Nf6 2. Nf3 g6 3. g3 Bg7 4. Bg2 0-0 5. 0-0 d6 6. d4 Nbd7 7. Qc2 c6 8. e4 Qc7 9. Nc3 a6 10. a4 e5 11. dxe5 dxe5 12. b4 b6 13. Bb2 a5 14. b5 Bb7 15. Qe2 Nc5 16. Ba3 Rfe8 17. Bxc5 bxc5 18. Nd2 Nd7 19. Nb3 Bf8 20. Qe3 Nb6 21. Qe2 Bc8 22. Rfb1 Be6 23. Nd2 Bh6 24. bxc6 Bxd2 25. Nd5 Bxd5 26. exd5 Bb4 27. h4 Nc8 28. h5 Nd6 29. hxg6 fxg6 30. Bh3 Qg7 31. Be6+ Kh8 32. Rb3 Rf8 33. Rab1 Qf6 34. Kg2 e4 35. Rf1 Rae8 36. f3 Qd4 37. Rd1 Qe5 38. f4 Qf6 39. Re3 Rxe6 40. dxe6 Qxe6 41. Rd5 Qf6 42. Rb3 Re8 43. Qb2 Qxb2+ 44. Rxb2 Nxc4 45. Re2 Nb6 46. c7 Nxd5 0-1

[Event "Messina op-A 1st"]
[Site "Messina"]
[Date "2011.09.02"]
[Round "8"]
[White "Signorelli, Gaetano"]
[Black "Gangemi, Salvatore"]
[Result "0-1"]
[WhiteElo "1897"]
[BlackElo "2065"]
[PlyCount "58"]
[EventDate "2011.08.28"]
[EventType "swiss"]
[EventRounds "9"]
[EventCountry "ITA"]
[SourceTitle "CBM 144 Extra"]
[Source "ChessBase"]
[SourceDate "2011.10.28"]
[SourceVersion "1"]
[SourceVersionDate "2011.10.28"]
[SourceQuality "1"]

1. e4 d5 2. exd5 Nf6 3. d4 Nxd5 4. g3 c6 5. Bg2 g6 6. Ne2 Bg7 7. 0-0 0-0 8. c3 Bf5 9. Nd2 Qc8 10. Nc4 Bh3 11. Ne3 Bxg2 12. Kxg2 Nd7 13. Qd3 Nxe3+ 14. fxe3 e5 15. b3 exd4 16. exd4 c5 17. Ba3 b6 18. Qf3 Qa6 19. Bb2 Rae8 20. Nf4 Nf6 21. a4 Ne4 22. Rad1 Qc8 23. Ba3 f5 24. h4 Rf7 25. h5 g5 26. Nd5 Qc6 27. dxc5 g4 28. Qd3 Nxc3 29. Rde1 Rxe1 0-1

[Event "Messina op-A 1st"]
[Site "Messina"]
[Date "2011.08.31"]
[Round "5"]
[White "Arito, Luigi"]
[Black "Gangemi, Salvatore"]
[Result "1-0"]
[WhiteElo "1883"]
[BlackElo "2065"]
[PlyCount "57"]
[EventDate "2011.08.28"]
[EventType "swiss"]
[EventRounds "9"]
[EventCountry "ITA"]
[SourceTitle "CBM 144 Extra"]
[Source "ChessBase"]
[SourceDate "2011.10.28"]
[SourceVersion "1"]
[SourceVersionDate "2011.10.28"]
[SourceQuality "1"]

1. d4 d5 2. c4 e6 3. Nc3 Nf6 4. cxd5 exd5 5. Nf3 c6 6. Bf4 Qb6 7. Qc2 Bg4 8. Ne5 Qxd4 9. e3 Qc5 10. Nxg4 Nxg4 11. Qf5 Nd7 12. Qxg4 Qb6 13. Qe2 Bb4 14. Qc2 0-0 15. a3 Be7 16. Bd3 h6 17. 0-0 Rfe8 18. b4 Bf6 19. Rac1 Nf8 20. Na4 Qd8 21. Nc5 Qb6 22. Bd6 Rad8 23. Bxf8 Kxf8 24. Na4 Qc7 25. b5 Qe5 26. bxc6 Rc8 27. Nc5 Re7 28. cxb7 Rb8 29. Na6 1-0

[Event "Messina op-A 1st"]
[Site "Messina"]
[Date "2011.08.30"]
[Round "3"]
[White "Scattareggia, Domenico"]
[Black "Gangemi, Salvatore"]
[Result "1-0"]
[WhiteElo "2018"]
[BlackElo "2065"]
[PlyCount "77"]
[EventDate "2011.08.28"]
[EventType "swiss"]
[EventRounds "9"]
[EventCountry "ITA"]
[SourceTitle "CBM 144 Extra"]
[Source "ChessBase"]
[SourceDate "2011.10.28"]
[SourceVersion "1"]
[SourceVersionDate "2011.10.28"]
[SourceQuality "1"]

1. e4 e6 2. d4 d5 3. exd5 exd5 4. Bd3 Nf6 5. Ne2 Bg4 6. 0-0 Bd6 7. h3 Bh5 8. Re1 0-0 9. c3 c5 10. dxc5 Bxc5 11. b4 Bb6 12. Qc2 Re8 13. Bf4 Nc6 14. Nd2 Rc8 15. Qb2 d4 16. c4 Bxe2 17. Bxe2 d3 18. c5 Bc7 19. Bxc7 Rxc7 20. Bf1 Rce7 21. Rxe7 Rxe7 22. Rd1 Nd5 23. a3 Nf4 24. Nf3 Qd5 25. Ne1 Ne5 26. Qd2 g5 27. g3 Nc4 28. Qc3 d2 29. gxf4 Rxe1 30. Rxe1 dxe1Q 31. Qxe1 gxf4 32. Bxc4 Qxc4 33. Qe8+ Kg7 34. Qe5+ Kg6 35. h4 Qc1+ 36. Kh2 f3 37. Qe4+ Kh6 38. Qxb7 Qe1 39. Qxf3 1-0

[Event "St Eufemia d'Aspromonte op 4th"]
[Site "St Eufemia d'Aspromonte"]
[Date "2011.01.02"]
[Round "2"]
[White "Gangemi, Salvatore"]
[Black "Furnari, Franco"]
[Result "1-0"]
[WhiteElo "2096"]
[BlackElo "1942"]
[PlyCount "55"]
[EventDate "2011.01.02"]
[EventType "swiss"]
[EventRounds "9"]
[EventCountry "ITA"]
[SourceTitle "CBM 140 Extra"]
[Source "ChessBase"]
[SourceDate "2011.03.01"]
[SourceVersion "1"]
[SourceVersionDate "2011.03.01"]
[SourceQuality "1"]

1. c4 Nf6 2. Nf3 g6 3. g3 Bg7 4. Bg2 d6 5. 0-0 0-0 6. Nc3 e5 7. d4 Nc6 8. dxe5 Nxe5 9. Qb3 Rb8 10. Nxe5 dxe5 11. Bg5 Qd6 12. Nb5 Qb6 13. Be3 c5 14. Qa3 Nd7 15. Qxa7 Qxa7 16. Nxa7 b6 17. Nc6 Ba6 18. Nxb8 Rxb8 19. Rfd1 Nf8 20. Bd5 Bf6 21. h4 Bb7 22. b3 Ne6 23. Bxe6 fxe6 24. Rd6 Bc8 25. Bg5 Kf7 26. Rad1 Ra8 27. Bxf6 Kxf6 28. a4 1-0

[Event "Erice op 1st"]
[Site "Erice"]
[Date "2010.07.31"]
[Round "5"]
[White "Bifulco, Michel"]
[Black "Gangemi, Salvatore"]
[Result "1/2-1/2"]
[WhiteElo "1952"]
[BlackElo "2091"]
[PlyCount "78"]
[EventDate "2010.07.28"]
[EventType "swiss"]
[EventRounds "7"]
[EventCountry "ITA"]
[SourceTitle "EXT 2024"]
[Source "ChessBase"]
[SourceDate "2023.10.10"]
[SourceVersion "1"]
[SourceVersionDate "2023.10.10"]
[SourceQuality "1"]

1. d4 Nf6 2. c4 g6 3. Nc3 d5 4. cxd5 Nxd5 5. Qb3 c6 6. Nxd5 Qxd5 7. Qxd5 cxd5 8. e3 Bg7 9. Nf3 0-0 10. Bd3 Nc6 11. 0-0 Bg4 12. Be2 e5 13. dxe5 Nxe5 14. Nd4 Bxe2 15. Nxe2 Nd3 16. Nd4 Rac8 17. Rd1 Nb4 18. a3 Nc2 19. Rb1 Nxd4 20. exd4 Rc4 21. Be3 b5 22. Kf1 f5 23. g3 Rfc8 24. Ke1 a5 25. b3 Rc2 26. Rd2 Bf8 27. Kd1 Rxd2+ 28. Bxd2 Bxa3 29. Bxa5 b4 30. Bb6 Rc3 31. Kd2 g5 32. Bc5 Kf7 33. Kd1 Kg7 34. Ke2 h5 35. h3 f4 36. Bd6 f3+ 37. Kd2 Kg6 38. Be5 g4 39. h4 Kf5 1/2-1/2

[Event "St Eufemia d'Aspromonte op 3rd"]
[Site "St Eufemia d'Aspromonte"]
[Date "2010.01.05"]
[Round "6"]
[White "Gangemi, Salvatore"]
[Black "Efimov, Igor"]
[Result "0-1"]
[WhiteElo "2101"]
[BlackElo "2462"]
[PlyCount "74"]
[EventDate "2010.01.02"]
[EventType "swiss"]
[EventRounds "7"]
[EventCountry "ITA"]
[SourceTitle "CBM 134 Extra"]
[Source "ChessBase"]
[SourceDate "2010.03.03"]
[SourceVersion "1"]
[SourceVersionDate "2010.03.03"]
[SourceQuality "1"]

1. c4 Nf6 2. Nf3 e6 3. Nc3 c5 4. d4 cxd4 5. Nxd4 Bb4 6. Qc2 0-0 7. a3 Bc5 8. Nf3 b6 9. e3 Bb7 10. Be2 Nc6 11. b4 Be7 12. 0-0 Rc8 13. Qb3 a5 14. b5 Nb8 15. Bb2 d6 16. Rfd1 Nbd7 17. Na4 Ne4 18. Nd2 Nec5 19. Nxc5 Nxc5 20. Qa2 e5 21. a4 Qe8 22. Nb3 Ne6 23. Ba3 Rd8 24. Rac1 f5 25. c5 Qg6 26. c6 Bc8 27. Nxa5 bxa5 28. b6 f4 29. exf4 Kh8 30. Rd3 Nxf4 31. Rg3 Qe4 32. Bf3 Qxa4 33. c7 Be6 34. Qa1 Rde8 35. b7 h5 36. Bd1 Qe4 37. Qb1 Qe1# 0-1

[Event "St Eufemia d'Aspromonte op 3rd"]
[Site "St Eufemia d'Aspromonte"]
[Date "2010.01.04"]
[Round "4"]
[White "Sabia, Corrado"]
[Black "Gangemi, Salvatore"]
[Result "1/2-1/2"]
[WhiteElo "2176"]
[BlackElo "2101"]
[PlyCount "89"]
[EventDate "2010.01.02"]
[EventType "swiss"]
[EventRounds "7"]
[EventCountry "ITA"]
[SourceTitle "CBM 134 Extra"]
[Source "ChessBase"]
[SourceDate "2010.03.03"]
[SourceVersion "1"]
[SourceVersionDate "2010.03.03"]
[SourceQuality "1"]

1. Nf3 Nf6 2. g3 d5 3. Bg2 g6 4. 0-0 Bg7 5. d4 Nbd7 6. c4 c6 7. cxd5 cxd5 8. Nc3 0-0 9. Qb3 e6 10. Bf4 a6 11. Rac1 Qb6 12. Qc2 Qb4 13. a3 Qe7 14. Rfe1 Nb6 15. Ne5 Nh5 16. Be3 f5 17. Qb3 Qd6 18. f3 Nd7 19. Nd3 Kh8 20. Bf2 Qb6 21. Qa4 Qd8 22. Qb4 Qb6 23. Na4 Qxb4 24. Nxb4 Nhf6 25. Rc2 Ne8 26. e4 fxe4 27. fxe4 Rxf2 28. Kxf2 Bxd4+ 29. Ke2 a5 30. Nd3 Ndf6 31. Nac5 a4 32. Nxa4 dxe4 33. Nf2 Nd6 34. Nc3 e3 35. Nfe4 Nfxe4 36. Nxe4 Nxe4 37. Bxe4 e5 38. Rec1 Bg4+ 39. Bf3 Bf5 40. Rc7 Bxb2 41. R1c4 Rxa3 42. Be4 Bg4+ 43. Bf3 Bf5 44. Be4 Bg4+ 45. Bf3 1/2-1/2

[Event "St Eufemia d'Aspromonte op 3rd"]
[Site "St Eufemia d'Aspromonte"]
[Date "2010.01.03"]
[Round "2"]
[White "Gad, Ahmad"]
[Black "Gangemi, Salvatore"]
[Result "0-1"]
[WhiteElo "1971"]
[BlackElo "2101"]
[PlyCount "118"]
[EventDate "2010.01.02"]
[EventType "swiss"]
[EventRounds "7"]
[EventCountry "ITA"]
[SourceTitle "CBM 134 Extra"]
[Source "ChessBase"]
[SourceDate "2010.03.03"]
[SourceVersion "1"]
[SourceVersionDate "2010.03.03"]
[SourceQuality "1"]

1. e4 d5 2. exd5 Nf6 3. d4 Nxd5 4. c4 Nf6 5. Nf3 c6 6. Nc3 Bg4 7. Be2 e6 8. Bf4 Be7 9. 0-0 0-0 10. h3 Bh5 11. Be5 Nbd7 12. Qb3 Qb6 13. Rad1 Rfd8 14. Bf4 h6 15. Qc2 Bg6 16. Bd3 Bxd3 17. Rxd3 Qa5 18. Ne5 Nxe5 19. dxe5 Rxd3 20. Qxd3 Rd8 21. Qe2 Nd7 22. Re1 Bb4 23. Bd2 Qxe5 24. a3 Qxe2 25. Rxe2 Bxc3 26. Bxc3 Nb6 27. b3 Rd3 28. Re3 Rd1+ 29. Re1 Rd3 30. Re3 Rxe3 31. fxe3 Nd7 32. Kf2 f5 33. Kf3 Kf7 34. Bd4 a6 35. e4 g6 36. exf5 gxf5 37. Kf4 Kg6 38. g4 fxg4 39. Kxg4 e5 40. Bc3 Nf6+ 41. Kf3 Kf5 42. Ke3 Ne4 43. Be1 Nc5 44. b4 Ne4 45. a4 Nd6 46. c5 Ne4 47. a5 Nf6 48. Bd2 Nd5+ 49. Kf3 e4+ 50. Kf2 h5 51. Be1 Nf4 52. Kg3 h4+ 53. Kh2 Ng6 54. Kg2 Kf4 55. Kf2 e3+ 56. Ke2 Ke4 57. Bc3 Nf4+ 58. Ke1 Kd3 59. Bf6 Ng2+ 0-1

[Event "Dioscuri op 2nd"]
[Site "Agrigento"]
[Date "2009.11.15"]
[Round "4"]
[White "Russo, Alfio"]
[Black "Gangemi, Salvatore"]
[Result "1/2-1/2"]
[WhiteElo "1968"]
[BlackElo "2097"]
[PlyCount "55"]
[EventDate "2009.11.13"]
[EventType "swiss"]
[EventRounds "5"]
[EventCountry "ITA"]
[SourceTitle "EXT 2012"]
[Source "ChessBase"]
[SourceDate "2011.11.24"]
[SourceVersion "1"]
[SourceVersionDate "2011.11.24"]
[SourceQuality "1"]

1. d4 Nf6 2. Nf3 d5 3. c4 e6 4. e3 Nbd7 5. Nc3 Bb4 6. a3 Bxc3+ 7. bxc3 Ne4 8. Qc2 0-0 9. Bd3 Ndf6 10. 0-0 c5 11. Ne5 Qa5 12. f3 Nd6 13. cxd5 exd5 14. a4 c4 15. Be2 Bf5 16. Qd2 Qc7 17. Ba3 Rfe8 18. Bxd6 Qxd6 19. e4 dxe4 20. Qf4 exf3 21. Rxf3 Bg4 22. Bxc4 Be6 23. Bxe6 Rxe6 24. Raf1 Rf8 25. Ng4 Qxf4 26. Rxf4 Nd5 27. R4f3 Rc6 28. Ne5 1/2-1/2

[Event "Dioscuri op 2nd"]
[Site "Agrigento"]
[Date "2009.11.13"]
[Round "1"]
[White "Gangemi, Salvatore"]
[Black "Reina, Giuseppe"]
[Result "1-0"]
[WhiteElo "2097"]
[BlackElo "1812"]
[PlyCount "53"]
[EventDate "2009.11.13"]
[EventType "swiss"]
[EventRounds "5"]
[EventCountry "ITA"]
[SourceTitle "EXT 2012"]
[Source "ChessBase"]
[SourceDate "2011.11.24"]
[SourceVersion "1"]
[SourceVersionDate "2011.11.24"]
[SourceQuality "1"]

1. c4 Nf6 2. Nf3 g6 3. Nc3 Bg7 4. e4 d6 5. d4 0-0 6. Be2 e5 7. dxe5 dxe5 8. Bg5 c6 9. Qxd8 Rxd8 10. 0-0 Bg4 11. Nxe5 Bxe2 12. Nxe2 Re8 13. Bxf6 Bxf6 14. Ng4 Bg7 15. f3 f5 16. Nf2 a5 17. Rad1 Na6 18. Ng3 Nb4 19. exf5 Nxa2 20. Nfe4 gxf5 21. Nxf5 Bxb2 22. Rd2 Nc3 23. Rxb2 Nxe4 24. fxe4 Rxe4 25. Rxb7 a4 26. Nh6+ Kh8 27. Rff7 1-0